000 00468nam a22001817a 4500
003 koha_MIRAKIL
005 20231213100259.0
008 231213b |||||||| |||| 00| 0 ||| d
020 _b0-395-44235-4
040 _aTR-IsEVY
_btur
_cTR-IsEVY
082 _a420 FRI/H
100 _aFriedman, Ina R.
245 0 _aHow my parents learned to eat.
260 _bHoughton Mifflin,
_c1984
650 _aAmong cultures love.
650 _aDifferences.
942 _2ddc
_cBK
999 _c17439
_d17439